| 000 | 01830cam a2200361Ia 4500 | ||
|---|---|---|---|
| 001 | 822976697 | ||
| 003 | OCoLC | ||
| 005 | 20200311210120.0 | ||
| 008 | 121227s2006 sp j 000 1 spa d | ||
| 020 | _a9788466318303 (pbk.) | ||
| 020 | _a8466318305 (pbk.) | ||
| 040 |
_aCPL _cCPL _dCPL _dJTE |
||
| 041 | 1 |
_aspa _hger |
|
| 050 | 4 |
_aPZ73 _b.E54 2006 |
|
| 100 | 1 | _aEnde, Michael. | |
| 240 | 1 | 0 |
_aUnendliche Geschichte. _lSpanish. |
| 245 | 1 | 3 |
_aLa historia interminable / _cMichael Ende ; traduccion de Miguel Saenz. |
| 250 | _a1. ed. | ||
| 260 |
_aMadrid, Espana : _bPunto de Lectra, _c2006. |
||
| 300 |
_a509 p. ; _c19 cm. |
||
| 490 | 1 |
_aPunto de Lectura ; _v45/1. _aNarrativa. |
|
| 500 | _aTranslated from the German. | ||
| 520 | _aEl reino de fantasia esta en un serio peligro: pronto va a desaparecer sin que sus habitantes puedan evitarlo. Solo hay un ser que podria ayudarles. Un nino llamado Bastian. Un nino que habita al otro lado, en la realidad. Lanzandose a una maravillosa aventura que cambiara para siempre su vida y la de sus peculiares companeros de fatigas-- el valiente guerrero Atreyu y un dragon de la suerte volador--, Bastian y todo aquel que quiera acompanarle comprenderan que el destino de todos los seres esta unido y que si Fantasia se extingue con ella se iran toda la inocencia del mundo, todas las esperanzas, suenos e ilusiones. | ||
| 520 | _aShy, awkward Bastian is amazed to discover that he has become a character in the mysterious book he is reading and that he has an important mission to fulfill. | ||
| 546 | _aText in Spanish. | ||
| 650 | 0 |
_aVoyages, Imaginary _vFiction. |
|
| 655 | 0 | _aAdventure stories. | |
| 655 | 0 | _aFantasy fiction. | |
| 700 | 1 | _aSaenz, Miguel. | |
| 830 | 0 |
_aPunto de lectura ; _v45/1. |
|
| 830 | 0 |
_aPunto de lectura. _pNarrativa. |
|
| 942 |
_cBK _2ddc |
||
| 999 |
_c24451 _d24451 |
||